[Event "Druga liga Srbije grupa Vojvodina 2009"]
[Site "Sombor"]
[Date "2009.09.27"]
[Round "1.1"]
[White "Balog, Imre"]
[Black "Pavlovic, Nenad"]
[Result "1-0"]
[WhiteElo "2464"]
[BlackElo "2190"]
[PlyCount "81"]
[EventDate "2009.09.27"]

1. d4 Nf6 2. c4 e6 3. Nf3 c5 4. d5 exd5 5. cxd5 d6 6. Nc3 g6 7. Bg5 h6 8. Bh4
Bg7 9. e3 O-O 10. Nd2 Qe7 11. Be2 b6 12. O-O Na6 13. a4 Nb4 14. e4 Ba6 15. Bxa6
Nxa6 16. Re1 g5 17. Bg3 Nd7 18. Nc4 Ne5 19. Ne3 Qf6 20. Nf5 Nb4 21. Re2 Rfd8
22. Rb1 Nbd3 23. Re3 c4 24. Nb5 Bh8 25. Bxe5 Nxe5 26. Rh3 Bg7 27. Nxg7 Kxg7 28.
Nd4 Rh8 29. Nf5+ Kf8 30. b3 g4 31. Rg3 h5 32. bxc4 h4 33. Rgb3 Nxc4 34. h3 gxh3
35. Rxh3 Ke8 36. a5 Nxa5 37. Rc1 Qd8 38. Rhc3 b5 39. Qg4 Nc4 40. Qg7 Rf8 41. e5
1-0

[Event "Druga liga Srbije grupa Vojvodina 2009"]
[Site "Sombor"]
[Date "2009.09.27"]
[Round "1.1"]
[White "Cirjanic, Velibor"]
[Black "Roganovic, Milos"]
[Result "0-1"]
[WhiteElo "2186"]
[BlackElo "2474"]
[PlyCount "89"]
[EventDate "2009.09.27"]

1. d4 Nf6 2. Nf3 g6 3. Bf4 Bg7 4. e3 O-O 5. Be2 d6 6. h3 Nfd7 7. O-O e5 8. Bg3
Nc6 9. dxe5 Ncxe5 10. c3 b6 11. Nxe5 Nxe5 12. Bxe5 dxe5 13. Bf3 Rb8 14. Na3 Qf6
15. Qe2 b5 16. Rfd1 b4 17. cxb4 Rxb4 18. e4 Ba6 19. Qc2 Qb6 20. b3 f5 21. Rac1
Bh6 22. Rb1 fxe4 23. Bxe4 Rxf2 24. Qxf2 Be3 25. Bd5+ Kg7 26. Qxe3 Qxe3+ 27. Kh1
Rd4 28. Re1 Qg3 29. Bf3 Bd3 30. Rbc1 e4 31. Be2 Kh6 32. Nc4 Bxc4 33. Bxc4 Rd2
34. Rg1 Rxa2 35. Bd5 e3 36. Bf3 Rf2 37. Bd5 e2 38. Bc4 Qe3 39. Rge1 c5 40. Kh2
a5 41. Kh1 g5 42. Kh2 Qf4+ 43. Kg1 Qg3 44. Bd5 Qe3 45. Kh1 0-1

[Event "Druga liga Srbije grupa Vojvodina 2009"]
[Site "Sombor"]
[Date "2009.09.27"]
[Round "1.1"]
[White "Jotic, Vladimir"]
[Black "Kotrla, Stefan"]
[Result "1/2-1/2"]
[WhiteElo "2323"]
[BlackElo "1923"]
[PlyCount "69"]
[EventDate "2009.09.27"]

1. e4 e6 2. d3 c5 3. Nf3 g6 4. d4 Bg7 5. dxc5 Qa5+ 6. Bd2 Qxc5 7. Bc3 Nf6 8.
Bd3 O-O 9. O-O Nc6 10. Nbd2 d5 11. exd5 exd5 12. h3 a6 13. Nb3 Qd6 14. Re1 Bd7
15. Ne5 Be6 16. Nxc6 bxc6 17. Be5 Qe7 18. Bd4 Nd7 19. Bxg7 Kxg7 20. c4 Qf6 21.
cxd5 Bxd5 22. Qc2 Ne5 23. Be4 Nc4 24. Bxd5 cxd5 25. Re2 Rab8 26. Rd1 Rfd8 27.
Qc3 Qxc3 28. bxc3 Rbc8 29. Re7 Na3 30. Rd3 Nb5 31. Rf3 Rf8 32. Ree3 f5 33. Re6
Rf6 34. Re7+ Rf7 35. Re6 1/2-1/2

[Event "Druga liga Srbije grupa Vojvodina 2009"]
[Site "Sombor"]
[Date "2009.09.27"]
[Round "1.1"]
[White "Kotrla, Sebastijan"]
[Black "Dekic, Josip"]
[Result "1/2-1/2"]
[WhiteElo "2052"]
[BlackElo "2323"]
[PlyCount "73"]
[EventDate "2009.09.27"]

1. c4 Nf6 2. Nc3 c5 3. g3 d5 4. cxd5 Nxd5 5. Bg2 Nc7 6. Nf3 Nc6 7. O-O g6 8. d3
Bg7 9. Bd2 O-O 10. a3 h6 11. Rb1 Be6 12. Qc1 Kh7 13. Na4 b6 14. Bc3 Nd4 15.
Nxd4 cxd4 16. Bxa8 Nxa8 17. Bb4 Bb3 18. Nc5 bxc5 19. Qxc5 Nb6 20. Ba5 f5 21.
Rbc1 f4 22. Qc7 fxg3 23. hxg3 Qa8 24. Bxb6 axb6 25. Qxb6 Bd5 26. Rc7 Bf6 27.
Rfc1 Kg7 28. Ra7 Qe8 29. Rcc7 Qf7 30. Qc5 Re8 31. Ra5 Rd8 32. Raa7 Kf8 33. Qb6
g5 34. Rc5 Re8 35. Qb5 Rd8 36. Qb6 Re8 37. Qb5 1/2-1/2

[Event "Druga liga Srbije grupa Vojvodina 2009"]
[Site "Sombor"]
[Date "2009.09.27"]
[Round "1.2"]
[White "Mozetic, Dejan"]
[Black "Vujadinovic, Goran"]
[Result "0-1"]
[WhiteElo "2421"]
[BlackElo "2367"]
[PlyCount "108"]
[EventDate "2009.09.27"]

1. Nf3 d6 2. d4 Bg4 3. c4 Bxf3 4. exf3 g6 5. h4 h5 6. Nc3 c6 7. Be3 Bg7 8. Be2
Nd7 9. Qd2 Qc7 10. d5 Nh6 11. g4 Ne5 12. Rg1 Kf8 13. O-O-O b5 14. cxb5 cxb5 15.
Kb1 Nc4 16. Bxc4 Qxc4 17. Ne2 Qc8 18. Bd4 hxg4 19. Bxg7+ Kxg7 20. Qd4+ Kh7 21.
fxg4 Qc4 22. Qe3 Nxg4 23. Qxe7 Nh6 24. h5 gxh5 25. Rd4 Qc8 26. Rf4 Qe8 27. Qf6
Rg8 28. Rxg8 Qxg8 29. Qxd6 Rd8 30. Qc5 Qg6+ 31. Kc1 Qg5 32. Qc2+ Kg8 33. Kb1
Qxd5 34. Nc1 Qe6 35. Rf3 h4 36. a3 Rc8 37. Qd2 Qe4+ 38. Rd3 Kh7 39. f3 Qf5 40.
Ne2 Rd8 41. Nf4 Rd4 42. Ka1 Rxd3 43. Nxd3 Qxf3 44. Nf4 Qh1+ 45. Ka2 Qe4 46. Nd5
Qe6 47. b3 h3 48. Qd3+ Qf5 49. Qd2 h2 50. Ne7 Qh3 51. Qc2+ f5 52. Nd5 Qg3 53.
Nf6+ Kg6 54. Ne8 h1=Q 0-1

[Event "Druga liga Srbije grupa Vojvodina 2009"]
[Site "Sombor"]
[Date "2009.09.27"]
[Round "1.2"]
[White "Radonjanin, Vlastimir"]
[Black "Kolognat, Petar"]
[Result "1-0"]
[WhiteElo "2289"]
[BlackElo "2305"]
[PlyCount "91"]
[EventDate "2009.09.27"]

1. c4 e5 2. Nc3 Nc6 3. g3 Bc5 4. Bg2 d6 5. Nf3 Nf6 6. O-O O-O 7. d3 h6 8. Na4
Bb6 9. a3 Nd4 10. Nxd4 Bxd4 11. e3 Bb6 12. d4 c6 13. Nxb6 Qxb6 14. dxe5 dxe5
15. Qc2 Re8 16. b4 Bg4 17. h3 Bh5 18. e4 Rad8 19. c5 Qc7 20. Bb2 Nh7 21. f4 f6
22. fxe5 fxe5 23. Rf2 Bg6 24. Raf1 Ng5 25. h4 Ne6 26. Qe2 h5 27. Qe3 Nd4 28.
Qg5 Kh7 29. Bh3 Qe7 30. Qe3 Rf8 31. Bf5 Bxf5 32. exf5 Qf6 33. Qe4 Kg8 34. Bc1
Rde8 35. Bg5 Qf7 36. f6 g6 37. Bh6 Nf5 38. Rxf5 gxf5 39. Rxf5 Qd5 40. Rg5+ Kh8
41. Qxd5 cxd5 42. Bxf8 Rxf8 43. Rxe5 Rxf6 44. Rxh5+ Kg8 45. Rxd5 Rf3 46. Kg2
1-0

[Event "Druga liga Srbije grupa Vojvodina 2009"]
[Site "Sombor"]
[Date "2009.09.27"]
[Round "1.2"]
[White "Stanojevic, Branko"]
[Black "Miranovic, Rajko"]
[Result "0-1"]
[WhiteElo "2285"]
[BlackElo "2385"]
[PlyCount "110"]
[EventDate "2009.09.27"]

1. d4 d5 2. c4 e6 3. Nc3 Nf6 4. Bg5 Be7 5. e3 h6 6. Bxf6 Bxf6 7. Qb3 c6 8. Nf3
O-O 9. Rd1 Nd7 10. Be2 b6 11. O-O Bb7 12. a4 Rb8 13. Rd2 Qe7 14. Rfd1 Rfd8 15.
Bf1 dxc4 16. Bxc4 b5 17. Bf1 b4 18. Ne4 c5 19. Nxf6+ Nxf6 20. dxc5 Bd5 21. Bc4
Ne4 22. Rd4 Nxc5 23. Qc2 Be4 24. Qe2 Bxf3 25. gxf3 Nxa4 26. Qc2 Nb6 27. Ba6
Rxd4 28. Rxd4 Nd5 29. Qd2 Qc7 30. Bc4 Nf6 31. Ba6 Qa5 32. Bc4 g6 33. b3 Kg7 34.
Qb2 Qc5 35. Rd7 Re8 36. Kf1 Re7 37. Rd8 Qc7 38. Qd4 Qxh2 39. Qc5 Qc7 40. Qd4 a5
41. Ra8 Rd7 42. Qa1 Qb7 43. Rxa5 Qxf3 44. Ke1 h5 45. Be2 Qh1+ 46. Bf1 h4 47.
Rg5 h3 48. Rg3 h2 49. Ke2 Qd5 50. Bg2 Qd2+ 51. Kf3 Rd5 52. Rg4 Rh5 53. Qh1 Rh3+
54. Kf4 Qxf2+ 55. Bf3 e5+ 0-1

[Event "Druga liga Srbije grupa Vojvodina 2009"]
[Site "Sombor"]
[Date "2009.09.27"]
[Round "1.3"]
[White "Bogosavljevic, Boban"]
[Black "Jesenski, Tibor"]
[Result "1-0"]
[WhiteElo "2528"]
[BlackElo "2289"]
[PlyCount "45"]
[EventDate "2009.09.27"]

1. Nf3 Nf6 2. c4 e6 3. g3 b6 4. Bg2 Bb7 5. O-O Be7 6. Nc3 O-O 7. Re1 d6 8. e4
Nbd7 9. d4 e5 10. Nh4 g6 11. Bh6 Re8 12. d5 a5 13. Be3 Nc5 14. h3 Bc8 15. Qc2
Bd7 16. Rad1 a4 17. b4 axb3 18. axb3 Qc8 19. Kh2 Ra3 20. b4 Na4 21. Nb5 Bxb5
22. cxb5 Qd7 23. Ra1 1-0

[Event "Druga liga Srbije grupa Vojvodina 2009"]
[Site "Sombor"]
[Date "2009.09.27"]
[Round "1.3"]
[White "Cabarkapa, Novak"]
[Black "Donevski, Darko"]
[Result "1/2-1/2"]
[WhiteElo "2033"]
[BlackElo "2140"]
[PlyCount "120"]
[EventDate "2009.09.27"]

1. e4 c5 2. Nf3 d6 3. c3 Nf6 4. h3 Nbd7 5. Bd3 b6 6. O-O Bb7 7. Re1 g6 8. Bc2
Bg7 9. d4 cxd4 10. cxd4 O-O 11. Nc3 Rc8 12. Bf4 d5 13. e5 Ne8 14. Qd3 Nc7 15.
Ng5 Ne6 16. Nxe6 fxe6 17. Bd2 Qe8 18. Qg3 Nb8 19. Be3 Nc6 20. Rad1 Na5 21. h4
Nc4 22. Bc1 b5 23. b3 Nxe5 24. dxe5 b4 25. Bxg6 Qxg6 26. Qxg6 hxg6 27. Nb5 Rc2
28. Rd2 Rfc8 29. Rxc2 Rxc2 30. a4 Bxe5 31. Bg5 Bf6 32. Bxf6 exf6 33. Rxe6 Rc1+
34. Kh2 Kf7 35. Re3 Bc6 36. Nxa7 Bd7 37. Nb5 Bxb5 38. axb5 Rc5 39. b6 Rb5 40.
g4 Rxb6 41. Rd3 Ke6 42. f4 g5 43. Re3+ Kd6 44. f5 Kc5 45. h5 d4 46. Re8 Rd6 47.
h6 Rd7 48. Rc8+ Kd5 49. Kg3 d3 50. Kf3 d2 51. Ke2 Ke4 52. Rc4+ Ke5 53. Kd1 Rh7
54. Kxd2 Rxh6 55. Rxb4 Rh2+ 56. Kd3 Rh3+ 57. Kc4 Rf3 58. Rb5+ Kf4 59. Kd5 Kxg4
60. Ke6 Kh3 1/2-1/2

[Event "Druga liga Srbije grupa Vojvodina 2009"]
[Site "Sombor"]
[Date "2009.09.27"]
[Round "1.3"]
[White "Guzsvany, Arpad"]
[Black "Krstic, Petar"]
[Result "1-0"]
[WhiteElo "2130"]
[BlackElo "2333"]
[PlyCount "130"]
[EventDate "2009.09.27"]

1. d4 e6 2. c4 b6 3. e4 Bb7 4. Qc2 Qh4 5. d5 f5 6. exf5 exd5 7. cxd5 Bxd5 8.
Qxc7 Bb4+ 9. Bd2 Qe4+ 10. Ne2 Ne7 11. Qf4 Bxd2+ 12. Nxd2 Qxf5 13. Qxf5 Nxf5 14.
Nf4 Bb7 15. Bd3 O-O 16. O-O Na6 17. Bc4+ Kh8 18. Bd5 Bxd5 19. Nxd5 Nd4 20. Nb3
Ne6 21. Rfd1 Rac8 22. Rac1 Nac5 23. Nxc5 bxc5 24. Rd2 Rfe8 25. Kf1 d6 26. Nc3
Nd4 27. Ne2 Nxe2 28. Rxe2 Rxe2 29. Kxe2 Kg8 30. Kd3 Re8 31. Rc4 Rb8 32. b3 Kf7
33. Re4 Kf6 34. f3 d5 35. Ra4 Rb7 36. Ra6+ Ke5 37. Rc6 Rb5 38. Rc7 Ra5 39. a4
Kf6 40. Kc3 h5 41. Rd7 c4 42. Kb4 Ra6 43. Rxd5 cxb3 44. Kxb3 g6 45. Rd7 Rb6+
46. Kc3 Ra6 47. Rd4 Rb6 48. Rb4 Rc6+ 49. Kd2 Rc5 50. h4 Rd5+ 51. Ke3 Re5+ 52.
Re4 Rc5 53. g4 hxg4 54. fxg4 Rc1 55. Rd4 Rh1 56. Rd6+ Ke5 57. Rxg6 Rh3+ 58. Kd2
Rxh4 59. Kc3 Kf4 60. Kb4 Rh7 61. Kb5 Rf7 62. a5 Re7 63. Rg8 Re6 64. a6 Rb6+ 65.
Ka5 Rb1 1-0

[Event "Druga liga Srbije grupa Vojvodina 2009"]
[Site "Sombor"]
[Date "2009.09.27"]
[Round "1.3"]
[White "Munizaba, Slobodan"]
[Black "Pletl, Akos"]
[Result "0-1"]
[WhiteElo "2339"]
[BlackElo "2219"]
[PlyCount "104"]
[EventDate "2009.09.27"]

1. Nf3 d5 2. c4 c6 3. e3 Nf6 4. Nc3 e6 5. d4 Bd6 6. Qc2 O-O 7. Bd2 Nbd7 8.
O-O-O a5 9. e4 dxe4 10. Nxe4 Nxe4 11. Qxe4 Re8 12. Bd3 f5 13. Qe2 c5 14. Rhe1
Nf6 15. Bc3 Qe7 16. Qd2 Qc7 17. g3 cxd4 18. Nxd4 Bb4 19. Nb5 Qc6 20. Kb1 Bxc3
21. Qxc3 Bd7 22. Bc2 Rec8 23. Nd6 Rc7 24. f3 Qb6 25. g4 Rc6 26. Qd4 Qxd4 27.
Rxd4 fxg4 28. fxg4 Rc7 29. Re5 Rf8 30. Bd3 b6 31. Rf4 g6 32. h4 Ne8 33. Rxf8+
Kxf8 34. Nxe8 Kxe8 35. h5 Kf7 36. hxg6+ hxg6 37. g5 Rc5 38. Rxc5 bxc5 39. a3
Bc6 40. Kc2 e5 41. Kd2 e4 42. Be2 Ke6 43. Bg4+ Ke5 44. Ke3 Ba4 45. Bc8 Bb3 46.
Bb7 Bc2 47. Bd5 Kf5 48. b4 axb4 49. axb4 cxb4 50. c5 Ke5 51. Bf7 b3 52. Kd2 e3+
0-1

[Event "Druga liga Srbije grupa Vojvodina 2009"]
[Site "Sombor"]
[Date "2009.09.27"]
[Round "1.3"]
[White "Stajic, Petar"]
[Black "Gabric, Goran"]
[Result "1/2-1/2"]
[WhiteElo "2193"]
[BlackElo "2116"]
[PlyCount "72"]
[EventDate "2009.09.27"]

1. Nf3 Nf6 2. c4 e6 3. g3 d5 4. Bg2 Be7 5. O-O O-O 6. d4 c6 7. Nbd2 Nbd7 8. Qc2
Re8 9. e4 Nxe4 10. Nxe4 dxe4 11. Qxe4 c5 12. Be3 Qb6 13. b3 Nf6 14. dxc5 Bxc5
15. Bxc5 Qxc5 16. Qe5 Qb6 17. c5 Qa6 18. Rfd1 Bd7 19. Nd4 Bc6 20. Bf1 Qa5 21.
a3 Red8 22. b4 Qa4 23. Bc4 Be8 24. Bb3 Qa6 25. a4 Rac8 26. Qe1 b6 27. b5 Qb7
28. c6 Qc7 29. Nf3 Qe7 30. Rxd8 Rxd8 31. Rd1 Rd6 32. Rxd6 Qxd6 33. Qe5 Qd3 34.
Qb8 Qxf3 35. c7 Qxb3 36. c8=Q Qd1+ 1/2-1/2

[Event "Druga liga Srbije grupa Vojvodina 2009"]
[Site "Sombor"]
[Date "2009.09.27"]
[Round "1.3"]
[White "Tancik, Kristijan"]
[Black "Toth, Aleksandar"]
[Result "1/2-1/2"]
[WhiteElo "2251"]
[BlackElo "2307"]
[PlyCount "74"]
[EventDate "2009.09.27"]

1. d4 d5 2. c4 e6 3. Nc3 Be7 4. Nf3 Nf6 5. Bf4 O-O 6. e3 c5 7. dxc5 Bxc5 8.
cxd5 Nxd5 9. Nxd5 exd5 10. a3 Nc6 11. Bd3 Bb6 12. O-O d4 13. e4 Bg4 14. h3 Bh5
15. g4 Bg6 16. Re1 f6 17. Rc1 Rc8 18. Kg2 Bf7 19. b4 a6 20. Qd2 Re8 21. Bg3 Ne5
22. Nxe5 fxe5 23. Rxc8 Qxc8 24. Rc1 Qd7 25. Qc2 Qd6 26. Bc4 Qd7 27. Qb3 Bxc4
28. Qxc4+ Qf7 29. Qxf7+ Kxf7 30. a4 Re7 31. a5 Bc7 32. Kf1 Bd6 33. Rc4 Rc7 34.
Rxc7+ Bxc7 35. f3 Ke6 36. Ke2 Bd6 37. Be1 g5 1/2-1/2

[Event "Druga liga Srbije grupa Vojvodina 2009"]
[Site "Sombor"]
[Date "2009.09.27"]
[Round "1.5"]
[White "Damjanovic, Dragan"]
[Black "Indjic, Aleksandar"]
[Result "1/2-1/2"]
[WhiteElo "2255"]
[BlackElo "2119"]
[PlyCount "171"]
[EventDate "2009.09.27"]

1. d4 c5 2. d5 g6 3. c4 Bg7 4. Nf3 d6 5. e4 Nf6 6. Bd3 O-O 7. h3 e6 8. Nc3 Na6
9. O-O Nc7 10. Re1 h6 11. Bf4 Kh7 12. Qd2 Nh5 13. Bh2 Bxc3 14. bxc3 e5 15. g4
Ng7 16. Bg3 f6 17. Nh4 h5 18. f3 Bd7 19. Rab1 Rb8 20. Rb2 b6 21. Ra1 g5 22. Ng2
Rh8 23. Ne3 Kg6 24. Bf1 Qe7 25. Qe1 h4 26. Bf2 Rb7 27. Bd3 Kf7 28. Nc2 Rhb8 29.
Na3 a6 30. Rab1 Ba4 31. Bc2 Qe8 32. Qd1 Bd7 33. Bd3 Ba4 34. Qe2 Qd8 35. Bc2 Bd7
36. Bd3 Nce8 37. Nc2 Nc7 38. Ne1 Qc8 39. Ng2 Qh8 40. Ne3 Qe8 41. Be1 Qe7 42.
Bc2 Qe8 43. Nd1 Na8 44. Ne3 Nc7 45. Qd1 Kf8 46. Nf1 Kg8 47. Nd2 Kf8 48. Nb3 Qc8
49. Bf2 Kf7 50. Nc1 Qe8 51. Nd3 Qc8 52. Ba4 b5 53. cxb5 axb5 54. Bc2 Na6 55.
Kg2 Qc7 56. Be1 Ke7 57. a4 Ne8 58. Bd2 Kd8 59. axb5 Rxb5 60. Rxb5 Rxb5 61. Nf2
Qb7 62. Rxb5 Bxb5 63. Qc1 Bc4 64. Nd1 Qb5 65. Nb2 Bb3 66. Kf2 c4 67. Bb1 Nc5
68. Be3 Nc7 69. Ke2 N7a6 70. Bc2 Kc7 71. Nd1 Bxc2 72. Qxc2 Nd3 73. Nf2 Nf4+ 74.
Bxf4 gxf4 75. Nd1 Nc5 76. Qb2 Nb3 77. Qa3 Qa5 78. Qxa5+ Nxa5 79. Nb2 Kb6 80.
Kd2 Kb5 81. Ke2 Nb7 82. Ke1 Nc5 83. Kd2 Na4 84. Kc2 Nc5 85. Kd2 Nb7 86. Ke2
1/2-1/2

[Event "Druga liga Srbije grupa Vojvodina 2009"]
[Site "Sombor"]
[Date "2009.09.27"]
[Round "1.5"]
[White "Elez, Nikola"]
[Black "Lalic, Dragan"]
[Result "1-0"]
[WhiteElo "2179"]
[BlackElo "2353"]
[PlyCount "133"]
[EventDate "2009.09.27"]

1. e4 c5 2. b3 Nc6 3. Bb2 d6 4. Bb5 e5 5. Ne2 Nf6 6. Nbc3 Be7 7. O-O O-O 8.
Bxc6 bxc6 9. f4 c4 10. Kh1 Rb8 11. d4 cxd3 12. Qxd3 exf4 13. Nd4 Qc7 14. Nce2
d5 15. e5 Ng4 16. Nxf4 Nxe5 17. Qc3 Bb4 18. Qg3 Bd6 19. Qh4 Ng4 20. Nh5 Be7 21.
Qg3 Qxg3 22. hxg3 Bd6 23. Nxg7 Be5 24. Ngf5 c5 25. Ne7+ Kh8 26. Nec6 Bg7 27.
Nxb8 cxd4 28. Nc6 Ne3 29. Rf2 Nf5 30. Rd1 Nxg3+ 31. Kg1 Ne4 32. Rf4 Nc3 33.
Bxc3 dxc3 34. Ne7 Be6 35. Nxd5 Bh6 36. Rfd4 Bf5 37. Nxc3 Be3+ 38. Kf1 Bxd4 39.
Rxd4 Rc8 40. Rc4 Rd8 41. Ne4 Kg7 42. Kf2 a5 43. Ke3 Be6 44. Rd4 Rc8 45. c4 a4
46. Nd6 Rb8 47. Nb5 axb3 48. axb3 Ra8 49. Nc7 Ra2 50. Nxe6+ fxe6 51. Rd7+ Kf6
52. Rd2 Ra3 53. Rd3 Ke5 54. c5 Ra1 55. Rc3 Rf1 56. c6 Rf8 57. g4 Kd6 58. c7 Rc8
59. Ke4 h6 60. Kd4 Rxc7 61. Rxc7 Kxc7 62. Ke5 Kd7 63. b4 Ke7 64. b5 Kd7 65. b6
Kc6 66. Kxe6 Kxb6 67. Kf6 1-0

[Event "Druga liga Srbije grupa Vojvodina 2009"]
[Site "Sombor"]
[Date "2009.09.27"]
[Round "1.5"]
[White "Indjic, Dusan"]
[Black "Somborski, Nebojsa"]
[Result "0-1"]
[WhiteElo "2324"]
[BlackElo "2379"]
[PlyCount "94"]
[EventDate "2009.09.27"]

1. d4 d5 2. c4 e6 3. Nc3 c5 4. Nf3 Nc6 5. cxd5 exd5 6. g3 Nf6 7. Bg2 Be7 8. O-O
O-O 9. Bg5 cxd4 10. Nxd4 h6 11. Bf4 Bg4 12. h3 Bh5 13. Nf5 Re8 14. g4 Bg6 15.
Nxd5 Bxf5 16. gxf5 Nxd5 17. Bxd5 Bg5 18. Bg3 Qf6 19. e4 Bh4 20. Qg4 Bxg3 21.
fxg3 Ne5 22. Qe2 Rac8 23. Kg2 Rc7 24. Rac1 Rec8 25. Rxc7 Rxc7 26. Rf2 b6 27. b3
Qg5 28. Qd2 Kf8 29. Qb4+ Rc5 30. Qd4 Qf6 31. b4 Rc8 32. a3 Kg8 33. Qe3 Qg5 34.
Qd4 Qe7 35. g4 Kh7 36. Qe3 Qg5 37. Qg3 f6 38. Be6 Rd8 39. Bd5 Rc8 40. Ba2 Rc1
41. Kh2 h5 42. Qb3 Nxg4+ 43. hxg4 Qh4+ 44. Kg2 Qh1+ 45. Kg3 Rg1+ 46. Kf4 Rxg4+
47. Ke3 Rg3+ 0-1

[Event "Druga liga Srbije grupa Vojvodina 2009"]
[Site "Sombor"]
[Date "2009.09.27"]
[Round "1.5"]
[White "Pezelj, Sinisa"]
[Black "Vukic, Radivoj"]
[Result "0-1"]
[WhiteElo "2057"]
[BlackElo "2350"]
[PlyCount "88"]
[EventDate "2009.09.27"]

1. Nf3 Nf6 2. c4 c6 3. d4 d5 4. e3 a6 5. Nc3 e6 6. Bd3 dxc4 7. Bxc4 b5 8. Bd3
c5 9. dxc5 Bxc5 10. a3 Bb7 11. O-O Nbd7 12. Be2 Qc7 13. Bd2 Rc8 14. Rc1 Qb8 15.
b4 Bd6 16. h3 O-O 17. Qb3 Nb6 18. a4 bxa4 19. Nxa4 Bd5 20. Rxc8 Rxc8 21. Qa3
Nc4 22. Bxc4 Rxc4 23. Nc5 Bxf3 24. gxf3 Rh4 25. Kg2 h6 26. e4 Nh5 27. Nxa6 Qb5
28. Qa5 Qd7 29. Nc5 Qe7 30. Nd3 Qf6 31. Rg1 Rxh3 32. Ne1 Rh2+ 33. Kf1 Qd4 34.
Rg2 Rh1+ 35. Ke2 Bf4 36. Qa2 Bxd2 37. Qxd2 Qc4+ 38. Nd3 Ra1 39. Ke3 Ra2 40. Qc1
Rc2 41. Qd1 Rc3 42. Rg4 e5 43. Qb1 Rb3 44. Qd1 Nf4 0-1

[Event "Druga liga Srbije grupa Vojvodina 2009"]
[Site "Sombor"]
[Date "2009.09.27"]
[Round "1.5"]
[White "Strbac, Mladen"]
[Black "Kalinic, Petar"]
[Result "1-0"]
[WhiteElo "2259"]
[BlackElo "2165"]
[PlyCount "41"]
[EventDate "2009.09.27"]

1. e4 c5 2. Nf3 Nc6 3. d4 cxd4 4. Nxd4 a6 5. Nc3 Nf6 6. Nxc6 bxc6 7. e5 Ng8 8.
Bc4 e6 9. O-O d5 10. exd6 Qxd6 11. Qf3 Nf6 12. Bf4 Qc5 13. Na4 Qa7 14. Rad1 Bb7
15. Qb3 Bc8 16. Nb6 Nd5 17. Nxa8 Nxf4 18. Qb6 Qxb6 19. Nxb6 Bb7 20. Rd7 Bc8 21.
Rc7 1-0

[Event "Druga liga Srbije grupa Vojvodina 2009"]
[Site "Sombor"]
[Date "2009.09.27"]
[Round "1.6"]
[White "Galyas, Miklos"]
[Black "Djuric, Stefan"]
[Result "1/2-1/2"]
[WhiteElo "2464"]
[BlackElo "2414"]
[PlyCount "126"]
[EventDate "2009.09.27"]

1. d4 Nf6 2. c4 g6 3. Nc3 Bg7 4. e4 O-O 5. Nf3 d6 6. h3 Nbd7 7. Bg5 e5 8. d5 h6
9. Be3 Nc5 10. Nd2 a5 11. g4 Bd7 12. Be2 Qc8 13. Rg1 c6 14. h4 cxd5 15. exd5
Ne8 16. h5 g5 17. Nde4 Nxe4 18. Nxe4 f5 19. gxf5 Bxf5 20. Ng3 Bh7 21. Bd3 e4
22. Nxe4 Bxe4 23. Bxe4 Qxc4 24. Rg4 Qb4+ 25. Kf1 Qxb2 26. Rb1 Qc3 27. Qd3 Qxd3+
28. Bxd3 Nf6 29. Ra4 Nxh5 30. Rxb7 Ng3+ 31. Kg2 Nf5 32. Bxf5 Rxf5 33. Rb5 Bc3
34. Rc4 Bb4 35. Kg3 Kg7 36. a3 Bxa3 37. Ra4 Bc5 38. Bxc5 dxc5 39. Rxc5 Raf8 40.
Ra2 a4 41. Ra5 Rf3+ 42. Kg2 Rd3 43. Ra7+ Kg6 44. Ra6+ Rf6 45. R2xa4 Rxd5 46.
Rxf6+ Kxf6 47. Ra6+ Kg7 48. Ra7+ Kg6 49. Ra6+ Kh5 50. f3 Rd8 51. Kg3 Rg8 52.
Rb6 Rg6 53. Rxg6 Kxg6 54. f4 Kf5 55. fxg5 hxg5 56. Kf3 g4+ 57. Kg3 Kg5 58. Kg2
Kf4 59. Kf2 g3+ 60. Kg2 Kg4 61. Kg1 Kf3 62. Kf1 g2+ 63. Kg1 Kg3 1/2-1/2

[Event "Druga liga Srbije grupa Vojvodina 2009"]
[Site "Sombor"]
[Date "2009.09.27"]
[Round "1.6"]
[White "Klasan, Vladimir"]
[Black "Mijatovic, Dejan"]
[Result "1-0"]
[WhiteElo "2320"]
[BlackElo "2283"]
[PlyCount "91"]
[EventDate "2009.09.27"]

1. e4 c5 2. Nf3 a6 3. Nc3 d6 4. Bc4 e6 5. a4 Nf6 6. e5 dxe5 7. Nxe5 Bd6 8. Qe2
Qc7 9. Nf3 Nc6 10. d3 h6 11. Ne4 Be7 12. O-O Nd5 13. Nxc5 Nb6 14. Ne4 Nxc4 15.
dxc4 f5 16. Nc3 O-O 17. b3 Bf6 18. Bd2 g5 19. h3 Qg7 20. Qe3 f4 21. Qe1 Rd8 22.
Ne4 Bxa1 23. Qxa1 Qxa1 24. Rxa1 Nd4 25. Nxd4 Rxd4 26. Re1 b6 27. Bc3 Rd8 28. a5
bxa5 29. Bxa5 Rf8 30. Bb4 Rf5 31. Nd6 Rf6 32. Bc3 Rg6 33. Ne4 Ra7 34. Nf6+ Kf8
35. Ng4 h5 36. Ne5 Rg8 37. Rd1 Ke8 38. c5 g4 39. hxg4 hxg4 40. Ba5 Rag7 41. c6
Rg5 42. Bc3 g3 43. f3 R8g7 44. Kf1 Rh7 45. Ke2 a5 46. Kd3 1-0

[Event "Druga liga Srbije grupa Vojvodina 2009"]
[Site "Sombor"]
[Date "2009.09.27"]
[Round "1.6"]
[White "Nestorovic, Nikola"]
[Black "Vlahovic, Bogdan"]
[Result "0-1"]
[WhiteElo "2412"]
[BlackElo "2368"]
[PlyCount "120"]
[EventDate "2009.09.27"]

1. e4 Nf6 2. e5 Nd5 3. d4 d6 4. Nf3 dxe5 5. Nxe5 c6 6. Be2 Nd7 7. Nf3 N7f6 8.
c4 Nc7 9. h3 g6 10. Nc3 Bg7 11. O-O O-O 12. Qb3 Nce8 13. Bf4 Nd6 14. Rfd1 Qa5
15. c5 Nde4 16. Nxe4 Nxe4 17. Ne5 Nf6 18. Bc4 e6 19. Be2 Nd5 20. Nc4 Qd8 21.
Bd6 Re8 22. Be5 f6 23. Bg3 b6 24. Nd6 Rf8 25. Rac1 b5 26. a4 a6 27. Ra1 Bd7 28.
Bf3 f5 29. Be5 Bxe5 30. dxe5 Qh4 31. axb5 axb5 32. Ra3 Rfb8 33. Qa2 Qd8 34.
Bxd5 exd5 35. Ra1 Rxa3 36. Qxa3 f4 37. Qf3 Qg5 38. Ra7 Be6 39. Rc7 Qxe5 40.
Rxc6 Ra8 41. Rb6 Ra1+ 42. Kh2 g5 43. Rb8+ Kg7 44. Re8 b4 45. Re7+ Kf6 46. Rxh7
Qe1 47. Rh6+ Ke7 48. Rh7+ Kd8 49. Nb7+ Kc8 50. Nd6+ Kb8 51. Rh8+ Kc7 52. Nb5+
Kd7 53. Rh7+ Kd8 54. Rh8+ Ke7 55. Rh7+ Kf6 56. Rh6+ Ke5 57. Rxe6+ Kxe6 58. Nc7+
Ke7 59. Nxd5+ Kf8 60. Nxf4 Qe5 0-1

[Event "Druga liga Srbije grupa Vojvodina 2009"]
[Site "Sombor"]
[Date "2009.09.27"]
[Round "1.6"]
[White "Sevo, Dusan"]
[Black "Nestorovic, Lazar"]
[Result "1-0"]
[WhiteElo "2268"]
[BlackElo "2259"]
[PlyCount "65"]
[EventDate "2009.09.27"]

1. e4 c5 2. Nf3 e6 3. d3 Nc6 4. g3 d6 5. Bg2 Nf6 6. O-O Be7 7. Re1 O-O 8. Nbd2
d5 9. c3 b5 10. exd5 exd5 11. Nb3 Bf5 12. Bg5 Qb6 13. d4 c4 14. Nbd2 h6 15. Bf4
g5 16. Be3 Ng4 17. Nf1 Qc7 18. h3 Nf6 19. Ne5 Be4 20. f3 Bh7 21. Nxc6 Qxc6 22.
Bxg5 hxg5 23. Rxe7 Rfe8 24. Rxe8+ Nxe8 25. Qd2 Qf6 26. Re1 Nc7 27. Re5 Ne6 28.
Ne3 Rd8 29. Nxd5 Qg7 30. Qe3 Kh8 31. Nb4 Qg6 32. d5 Nc7 33. Qxg5 1-0

[Event "Druga liga Srbije grupa Vojvodina 2009"]
[Site "Sombor"]
[Date "2009.09.27"]
[Round "1.6"]
[White "Skoko, Milan"]
[Black "Levnajic, Pavle"]
[Result "0-1"]
[WhiteElo "2224"]
[BlackElo "2245"]
[PlyCount "117"]
[EventDate "2009.09.27"]

1. e4 e5 2. Nf3 Nc6 3. d4 exd4 4. Nxd4 Nf6 5. Nxc6 bxc6 6. e5 Qe7 7. Qe2 Nd5 8.
c4 Ba6 9. Qe4 Nb6 10. Nc3 Qe6 11. c5 Bxf1 12. cxb6 Bc4 13. bxc7 Rc8 14. f4 d5
15. exd6 Bxd6 16. Be3 O-O 17. Qxe6 fxe6 18. b3 Bb4 19. Kd2 Bd5 20. a3 Ba5 21.
b4 Bxc7 22. Nxd5 cxd5 23. g3 Bb6 24. Rhc1 Kf7 25. a4 Bxe3+ 26. Kxe3 Ke7 27. Kd4
Kd6 28. Rc5 g5 29. Rac1 Rxc5 30. bxc5+ Kc6 31. fxg5 Rf2 32. h4 Re2 33. Rf1 e5+
34. Kd3 Rg2 35. Rf7 Rxg3+ 36. Ke2 Kxc5 37. Rxh7 a5 38. Rg7 Rh3 39. Rh7 Rg3 40.
Kf2 Rg4 41. Kf3 Rg1 42. Rc7+ Kd4 43. Rg7 e4+ 44. Kf2 Rh1 45. Kg3 Ke3 46. Kg4 d4
47. h5 d3 48. Rd7 d2 49. g6 Ke2 50. Kg5 d1=Q 51. Rxd1 Kxd1 52. Kf4 Rh4+ 53. Kg5
Rh2 54. Kf4 e3 55. g7 Rg2 56. h6 e2 57. h7 e1=Q 58. g8=Q Rf2+ 59. Kg5 0-1